[Event "Deutsche Ländermeisterschaft 2017"]
[Site "Hannover GER"]
[Date "2017.10.03"]
[Round "5"]
[White "Summers, Jan"]
[Black "Dietz, Florian"]
[Result "1-0"]
[Termination "normal"]
[Board "6.5"]
[WhiteElo "1548"]
[BlackElo "2026"]
[WhiteClock "00:05:50"]
[BlackClock "00:04:28"]
[WhiteTeam "Hamburg"]
[BlackTeam "Sachsen-Anhalt"]
[PlyCount "117"]
[WhiteFideId "16217624"]
[BlackFideId "12939897"]
[EventCountry "GER"]
[EventRounds "7"]
[EventType "team-swiss"]
[EventDate "2017.09.29"]

1. e4 {[%clk 1:30:56]} c5 {[%clk 1:30:53]} 2. Nf3 {[%clk 1:31:13]} Nc6 {[%clk
1:31:13]} 3. d4 {[%clk 1:31:35]} cxd4 {[%clk 1:31:32]} 4. Nxd4 {[%clk 1:31:55]}
g6 {[%clk 1:31:47]} 5. Nc3 {[%clk 1:32:14]} Bg7 {[%clk 1:32:10]} 6. Be3 {[%clk
1:32:36]} Nf6 {[%clk 1:32:29]} 7. Bc4 {[%clk 1:32:45]} O-O {[%clk 1:32:41]} 8.
Bb3 {[%clk 1:32:45]} Re8 {[%clk 1:32:36]} 9. O-O {[%clk 1:32:48]} d6 {[%clk
1:32:31]} 10. h3 {[%clk 1:32:40]} Na5 {[%clk 1:32:18]} 11. f4 {[%clk 1:32:36]}
Nd7 {[%clk 1:23:55]} 12. Bxf7+ {[%clk 1:19:43]} Kxf7 {[%clk 1:22:37]} 13. Ne6
{[%clk 1:19:15]} Qb6 {[%clk 1:22:36]} 14. Bxb6 {[%clk 1:19:14]} Nxb6 {[%clk
1:23:01]} 15. Nc7 {[%clk 1:19:21]} Nc6 {[%clk 1:21:06]} 16. e5 {[%clk 1:10:20]}
Rd8 {[%clk 1:20:03]} 17. Nxa8 {[%clk 1:10:07]} Nxa8 {[%clk 1:20:23]} 18. Qe2
{[%clk 1:04:17]} Nb6 {[%clk 1:17:33]} 19. Rad1 {[%clk 1:03:45]} d5 {[%clk
1:16:13]} 20. Nb5 {[%clk 0:54:20]} a6 {[%clk 1:12:47]} 21. Nd4 {[%clk 0:53:41]}
Nxd4 {[%clk 1:09:51]} 22. Rxd4 {[%clk 0:54:03]} e6 {[%clk 1:09:06]} 23. Rfd1
{[%clk 0:54:01]} Bf8 {[%clk 1:08:22]} 24. Kh1 {[%clk 0:52:37]} Bc5 {[%clk
1:07:29]} 25. R4d3 {[%clk 0:52:29]} Bd7 26. Rc3 {[%clk 0:49:38]} Na4 {[%clk
1:02:40]} 27. Rb3 {[%clk 0:44:29]} b5 {[%clk 1:00:50]} 28. g4 {[%clk 0:39:00]}
Be7 {[%clk 0:58:18]} 29. Kh2 {[%clk 0:36:54]} Rc8 {[%clk 0:49:13]} 30. Re1
{[%clk 0:26:28]} Rc4 {[%clk 0:36:37]} 31. f5 {[%clk 0:21:30]} Bh4 {[%clk
0:32:57]} 32. fxe6+ {[%clk 0:19:38]} Bxe6 {[%clk 0:33:05]} 33. Rf3+ {[%clk
0:19:17]} Kg7 {[%clk 0:30:44]} 34. b3 {[%clk 0:13:51]} Nc3 {[%clk 0:25:46]} 35.
Qd3 {[%clk 0:08:40]} Rc8 {[%clk 0:23:02]} 36. Ref1 {[%clk 0:07:51]} Ne4 {[%clk
0:19:49]} 37. Qd4 {[%clk 0:07:29]} Rxc2+ {[%clk 0:18:21]} 38. Kg1 {[%clk
0:06:19]} Rxa2 {[%clk 0:06:32]} 39. Qa7+ {[%clk 0:03:58]} Kh6 {[%clk 0:06:52]}
40. Qb8 {[%clk 0:03:43]} Be7 {[%clk 0:06:03]} 41. Qc7 {[%clk 0:01:22]} Bb4
{[%clk 0:03:12]} 42. Qc6 {[%clk 0:28:27]} Ng5 {[%clk 0:30:58]} 43. Rg3 {[%clk
0:24:58]} Bg8 {[%clk 0:26:01]} 44. h4 {[%clk 0:21:48]} Ne4 {[%clk 0:25:06]} 45.
Qc1+ {[%clk 0:19:04]} Kg7 {[%clk 0:23:55]} 46. Rg2 {[%clk 0:17:05]} Ra3 {[%clk
0:21:48]} 47. h5 {[%clk 0:14:56]} Rxb3 {[%clk 0:21:18]} 48. hxg6 {[%clk
0:13:49]} Bc5+ {[%clk 0:21:18]} 49. Kh1 {[%clk 0:12:42]} Kxg6 {[%clk 0:16:35]}
50. Rh2 {[%clk 0:11:05]} Kg7 {[%clk 0:13:32]} 51. Qh6+ {[%clk 0:07:54]} Kh8
{[%clk 0:13:58]} 52. Rg2 {[%clk 0:08:00]} Be3 {[%clk 0:10:01]} 53. g5 {[%clk
0:07:13]} d4 {[%clk 0:08:04]} 54. Qh4 {[%clk 0:06:29]} Nc5 {[%clk 0:06:16]} 55.
g6 {[%clk 0:05:57]} Ne6 {[%clk 0:05:16]} 56. Qf6+ {[%clk 0:05:54]} Ng7 {[%clk
0:05:34]} 57. gxh7 {[%clk 0:06:06]} Bh6 {[%clk 0:04:28]} 58. hxg8=Q+ Kxg8 59.
Qxh6 {[%clk 0:05:50]} *

[Event "Deutsche Ländermeisterschaft 2017"]
[Site "Hannover GER"]
[Date "2017.10.03"]
[Round "5"]
[White "Dietz, Kristin"]
[Black "Hölzer, Jeanette"]
[Result "1-0"]
[Termination "normal"]
[Board "6.6"]
[WhiteElo "1675"]
[BlackElo "1406"]
[WhiteClock "00:34:06"]
[BlackClock "00:06:55"]
[WhiteTeam "Sachsen-Anhalt"]
[BlackTeam "Hamburg"]
[PlyCount "81"]
[WhiteFideId "12993743"]
[BlackFideId "12917982"]
[EventCountry "GER"]
[EventRounds "7"]
[EventType "team-swiss"]
[EventDate "2017.09.29"]

1. e4 {[%clk 1:30:58]} e5 {[%clk 1:30:55]} 2. Nf3 {[%clk 1:31:19]} Nc6 {[%clk
1:31:20]} 3. Bc4 {[%clk 1:31:37]} Bc5 {[%clk 1:31:38]} 4. b4 {[%clk 1:31:55]}
d5 {[%clk 1:31:40]} 5. exd5 {[%clk 1:22:55]} Nxb4 {[%clk 1:27:41]} 6. O-O Nxd5
{[%clk 1:26:14]} 7. Nxe5 {[%clk 1:22:34]} Nge7 8. d4 {[%clk 1:17:09]} Bd6
{[%clk 1:24:57]} 9. f4 {[%clk 1:07:06]} O-O {[%clk 1:16:09]} 10. Bb3 {[%clk
0:58:53]} c6 {[%clk 1:01:40]} 11. c4 {[%clk 0:58:43]} Nf6 {[%clk 0:59:11]} 12.
Nc3 {[%clk 0:58:48]} Nf5 {[%clk 0:57:14]} 13. d5 {[%clk 0:51:02]} Bc5+ {[%clk
0:55:17]} 14. Kh1 {[%clk 0:51:17]} Bd4 {[%clk 0:54:01]} 15. Rf3 {[%clk
0:46:02]} Ne4 {[%clk 0:48:17]} 16. Nxe4 {[%clk 0:43:37]} Bxa1 {[%clk 0:47:46]}
17. Ba3 {[%clk 0:43:56]} Bxe5 {[%clk 0:31:17]} 18. Bxf8 {[%clk 0:44:12]} Bxf4
{[%clk 0:27:22]} 19. Bxg7 {[%clk 0:43:18]} Bxh2 {[%clk 0:26:10]} 20. Bf6 {[%clk
0:43:20]} Qc7 {[%clk 0:23:42]} 21. dxc6 {[%clk 0:40:40]} bxc6 {[%clk 0:20:06]}
22. g3 {[%clk 0:40:27]} Nxg3+ {[%clk 0:14:01]} 23. Nxg3 {[%clk 0:40:12]} Bg4
{[%clk 0:13:43]} 24. Kxh2 {[%clk 0:39:09]} Bxf3 {[%clk 0:12:05]} 25. Qxf3
{[%clk 0:39:34]} Qd7 {[%clk 0:10:10]} 26. Qf4 {[%clk 0:37:54]} Kf8 {[%clk
0:08:31]} 27. Qg5 {[%clk 0:37:13]} Qb7 {[%clk 0:07:10]} 28. Qg7+ {[%clk
0:37:31]} Ke8 {[%clk 0:07:29]} 29. Qg8+ {[%clk 0:37:50]} Kd7 {[%clk 0:07:49]}
30. Qxf7+ {[%clk 0:38:15]} Kc8 {[%clk 0:06:57]} 31. Qe8+ {[%clk 0:38:38]} Kc7
{[%clk 0:07:08]} 32. Be5+ {[%clk 0:38:36]} Kb6 {[%clk 0:07:25]} 33. Qe6 {[%clk
0:33:41]} Rc8 {[%clk 0:06:31]} 34. c5+ {[%clk 0:33:25]} Kxc5 {[%clk 0:06:29]}
35. Qc4+ {[%clk 0:33:45]} Kb6 {[%clk 0:06:40]} 36. Qb4+ {[%clk 0:33:47]} Ka6
{[%clk 0:06:56]} 37. Bc4+ {[%clk 0:33:40]} Qb5 {[%clk 0:06:37]} 38. Bxb5+
{[%clk 0:33:17]} cxb5 {[%clk 0:06:57]} 39. Qd6+ {[%clk 0:33:19]} Kb7 {[%clk
0:06:59]} 40. Qd7+ {[%clk 0:33:45]} Ka8 {[%clk 0:06:55]} 41. Qxc8# {[%clk
0:34:06]} 1-0

[Event "Deutsche Ländermeisterschaft 2017"]
[Site "Hannover GER"]
[Date "2017.10.03"]
[Round "5"]
[White "Tiarks, Jann-Christian"]
[Black "Degenhard, Simon"]
[Result "0-1"]
[Termination "normal"]
[Board "7.1"]
[WhiteElo "2056"]
[BlackElo "2211"]
[WhiteTeam "Brandenburg"]
[BlackTeam "Württemberg"]
[PlyCount "78"]
[WhiteFideId "12951595"]
[BlackFideId "12944017"]
[EventCountry "GER"]
[EventRounds "7"]
[EventType "team-swiss"]
[EventDate "2017.09.29"]

1. e4 c5 2. Nf3 g6 3. d4 cxd4 4. Nxd4 Bg7 5. c4 Nc6 6. Be3 Nf6 7. Nc3 d6 8. Be2
O-O 9. O-O Bd7 10. Qd2 Nxd4 11. Bxd4 Bc6 12. f3 a5 13. Kh1 a4 14. Rae1 Qa5 15.
Qe3 Nd7 16. Bxg7 Kxg7 17. f4 Qc5 18. Qd2 Nf6 19. Bd3 Rad8 20. Re3 Ng8 21. Rh3
Rb8 22. Qe1 Qd4 23. Qh4 h6 24. Qe1 e5 25. f5 g5 26. Qd2 Nf6 27. Rg3 Rg8 28.
Rxg5+ hxg5 29. Qxg5+ Kf8 30. Qxf6 Qxd3 31. Rd1 Qc2 32. Qxd6+ Kg7 33. Qxe5+ Kh7
34. Rg1 Qf2 35. Qc7 Rbf8 36. Qe7 Qf4 37. Re1 Rxg2 38. Kxg2 Rg8+ 39. Kh3 Qg4#
0-1

[Event "Deutsche Ländermeisterschaft 2017"]
[Site "Hannover GER"]
[Date "2017.10.03"]
[Round "5"]
[White "Wendler, David"]
[Black "Teichert, Felix"]
[Result "1-0"]
[Termination "normal"]
[Board "7.2"]
[WhiteElo "2066"]
[BlackElo "2019"]
[WhiteTeam "Württemberg"]
[BlackTeam "Brandenburg"]
[PlyCount "61"]
[WhiteFideId "12938360"]
[BlackFideId "12987670"]
[EventCountry "GER"]
[EventRounds "7"]
[EventType "team-swiss"]
[EventDate "2017.09.29"]

1. e4 c6 2. d4 d5 3. exd5 cxd5 4. c4 Nf6 5. Nc3 e6 6. Nf3 Nc6 7. a3 Be7 8. c5
Ne4 9. Bf4 Nxc3 10. bxc3 O-O 11. a4 b6 12. Bb5 Bd7 13. cxb6 Qxb6 14. O-O Rfc8
15. Qe2 a6 16. Bd3 Na5 17. Ne5 Be8 18. Rfb1 Qa7 19. h4 f6 20. Ng4 Bf7 21. h5
Rc6 22. h6 g5 23. Bxg5 fxg5 24. Qe5 Kf8 25. Qh8+ Bg8 26. Qg7+ Ke8 27. Qxg8+ Bf8
28. Bxh7 Qe7 29. Bg6+ Kd7 30. Ne5+ Kc7 31. Nxc6 1-0

[Event "Deutsche Ländermeisterschaft 2017"]
[Site "Hannover GER"]
[Date "2017.10.03"]
[Round "5"]
[White "Woithe, Daniel"]
[Black "Reindl, Arno"]
[Result "0-1"]
[Termination "normal"]
[Board "7.3"]
[WhiteElo "1793"]
[BlackElo "2083"]
[WhiteTeam "Brandenburg"]
[BlackTeam "Württemberg"]
[PlyCount "88"]
[WhiteFideId "16244648"]
[BlackFideId "12946729"]
[EventCountry "GER"]
[EventRounds "7"]
[EventType "team-swiss"]
[EventDate "2017.09.29"]

1. e4 c5 2. c3 Nf6 3. e5 Nd5 4. Nf3 e6 5. d4 cxd4 6. cxd4 d6 7. a3 Nd7 8. Bd3
Qc7 9. O-O dxe5 10. dxe5 Nxe5 11. Nxe5 Qxe5 12. Bb5+ Ke7 13. Re1 Qd6 14. Qe2 f6
15. Nc3 Nxc3 16. bxc3 Kf7 17. Bc4 Bd7 18. Bf4 Qc6 19. Rad1 Re8 20. Qa2 Bc5 21.
h3 Re7 22. a4 a6 23. Rd2 b5 24. axb5 axb5 25. Bb3 Rhe8 26. Red1 Bc8 27. Kh1 Kg8
28. Bc2 Qb6 29. Be4 Bb7 30. Bxb7 Qxb7 31. Bd6 Bxd6 32. Rxd6 Qc7 33. Qb3 Qc5 34.
Kg1 Kf7 35. Qb1 g6 36. Qd3 Rb8 37. Qg3 Rc8 38. Qh4 Kg7 39. R1d3 Qe5 40. Qb4 Rc4
41. Qa5 Re4 42. Rd1 Re1+ 43. Rxe1 Qxe1+ 44. Kh2 Qe5+ 0-1

[Event "Deutsche Ländermeisterschaft 2017"]
[Site "Hannover GER"]
[Date "2017.10.03"]
[Round "5"]
[White "Yi, Danny"]
[Black "Eue, Vicky"]
[Result "1-0"]
[Termination "normal"]
[Board "7.4"]
[WhiteElo "2070"]
[BlackElo "1654"]
[WhiteTeam "Württemberg"]
[BlackTeam "Brandenburg"]
[PlyCount "107"]
[WhiteFideId "12988588"]
[BlackFideId "12945838"]
[EventCountry "GER"]
[EventRounds "7"]
[EventType "team-swiss"]
[EventDate "2017.09.29"]

1. e4 e6 2. d4 d5 3. Nd2 c5 4. exd5 exd5 5. Bb5+ Bd7 6. Bxd7+ Nxd7 7. Ne2 Ngf6
8. dxc5 Bxc5 9. O-O O-O 10. Nb3 Bb6 11. Bg5 h6 12. Bh4 Qc7 13. c3 Rfe8 14. Nbd4
Ng4 15. Bg3 Qd8 16. Re1 Bc7 17. Qd3 Nde5 18. Qf5 g6 19. Qf4 f5 20. h3 Nd3 21.
Qxc7 Qxc7 22. Bxc7 Nxe1 23. hxg4 Nc2 24. Rd1 fxg4 25. Nf4 Nxd4 26. Rxd4 Kf7 27.
Rxd5 Re7 28. Be5 Rae8 29. Nd3 b6 30. Kh2 Ke6 31. Rd6+ Kf5 32. Bd4 Ke4 33. Be3
Re6 34. Rd4+ Kf5 35. Rf4+ Kg5 36. Rf3+ Rxe3 37. Rxe3 Rd8 38. f4+ Kf6 39. Kg3 h5
40. Kf2 h4 41. Ke2 Rh8 42. Kf2 Rd8 43. c4 Rd4 44. b3 Rd8 45. Nb4 Rd2+ 46. Re2
Rxe2+ 47. Kxe2 Kf5 48. Nd5 Ke4 49. Kf2 Kf5 50. Ke3 h3 51. gxh3 gxh3 52. Kf3 b5
53. c5 Ke6 54. c6 1-0

[Event "Deutsche Ländermeisterschaft 2017"]
[Site "Hannover GER"]
[Date "2017.10.03"]
[Round "5"]
[White "Gericke, Luis"]
[Black "Leser, Katrin"]
[Result "0-1"]
[Termination "normal"]
[Board "7.5"]
[WhiteElo "1517"]
[BlackElo "1893"]
[WhiteTeam "Brandenburg"]
[BlackTeam "Württemberg"]
[PlyCount "84"]
[WhiteFideId "16212525"]
[BlackFideId "12997692"]
[EventCountry "GER"]
[EventRounds "7"]
[EventType "team-swiss"]
[EventDate "2017.09.29"]

1. e4 e5 2. Nf3 Nc6 3. Bb5 a6 4. Bxc6 dxc6 5. O-O f6 6. d4 exd4 7. Nxd4 c5 8.
Nb3 Qxd1 9. Rxd1 Bg4 10. f3 Bd7 11. Be3 b6 12. Nc3 O-O-O 13. a3 Bd6 14. Nd5 Be6
15. c4 Kb7 16. Nd2 Ne7 17. Bf2 c6 18. Nxe7 Bxe7 19. b3 Rd3 20. Kf1 Rhd8 21. Ke2
f5 22. Rab1 Bg5 23. Nf1 fxe4 24. Rxd3 exd3+ 25. Kd1 Bf5 26. Ng3 Bg6 27. Rb2 Re8
28. Nf1 h5 29. h4 Bf6 30. Ra2 Bd4 31. Bxd4 cxd4 32. Ng3 Re5 33. Nh1 b5 34. cxb5
axb5 35. Nf2 c5 36. Rd2 c4 37. bxc4 bxc4 38. Rb2+ Kc6 39. g4 c3 40. Ra2 c2+ 41.
Kd2 Re2+ 42. Kc1 Re1+ 0-1

[Event "Deutsche Ländermeisterschaft 2017"]
[Site "Hannover GER"]
[Date "2017.10.03"]
[Round "5"]
[White "Kobald, Jacqueline"]
[Black "Schiewe, Nadin"]
[Result "1/2-1/2"]
[Termination "normal"]
[Board "7.6"]
[WhiteElo "1833"]
[BlackElo "1422"]
[WhiteTeam "Württemberg"]
[BlackTeam "Brandenburg"]
[PlyCount "74"]
[WhiteFideId "12988162"]
[BlackFideId "16209079"]
[EventCountry "GER"]
[EventRounds "7"]
[EventType "team-swiss"]
[EventDate "2017.09.29"]

1. e4 d5 2. exd5 Qxd5 3. Nc3 Qa5 4. d4 c6 5. Bd2 Qc7 6. Bc4 Nf6 7. Qe2 Bf5 8.
Nf3 Nbd7 9. O-O-O e6 10. Ne5 Bd6 11. Rhe1 O-O 12. g4 Bg6 13. Nxg6 hxg6 14. h4
b5 15. Bd3 Rfe8 16. h5 Nf8 17. hxg6 Nxg6 18. Bxg6 fxg6 19. Ne4 Bf4 20. Ng5 e5
21. Qd3 exd4 22. Qb3+ Nd5 23. Ne6 Bxd2+ 24. Rxd2 Qd7 25. Rde2 Re7 26. Nxd4 Rxe2
27. Nxe2 Qxg4 28. Qd3 Nf4 29. Nxf4 Qxf4+ 30. Kb1 Qxf2 31. Qe4 Qf6 32. a3 Rd8
33. Rh1 Qd6 34. Qh4 Qf6 35. Qe4 a6 36. Qg4 Qf5 37. Qg2 Qf6 1/2-1/2

[Event "Deutsche Ländermeisterschaft 2017"]
[Site "Hannover GER"]
[Date "2017.10.03"]
[Round "5"]
[White "Jungandreas, Tillmann"]
[Black "Reindl, Jork"]
[Result "0-1"]
[Termination "normal"]
[Board "7.7"]
[WhiteElo "1479"]
[BlackElo "1509"]
[WhiteTeam "Brandenburg"]
[BlackTeam "Württemberg"]
[PlyCount "110"]
[WhiteFideId "16244664"]
[BlackFideId "16200152"]
[EventCountry "GER"]
[EventRounds "7"]
[EventType "team-swiss"]
[EventDate "2017.09.29"]

1. e4 e6 2. d4 d5 3. exd5 exd5 4. Bd3 Bd6 5. c3 Nf6 6. Bg5 O-O 7. Nf3 Re8+ 8.
Be2 Bg4 9. O-O Bh5 10. Nbd2 Nbd7 11. Re1 c6 12. Nf1 Qc7 13. Ng3 Bg6 14. Bd3
Rxe1+ 15. Nxe1 Ne4 16. Be3 f5 17. Nf1 f4 18. Bc1 Ndf6 19. f3 Bh5 20. Qc2 Ng5
21. b3 Re8 22. Bb2 c5 23. c4 cxd4 24. Bxd4 Bb4 25. Nd2 Qa5 26. Bxf6 gxf6 27.
Rd1 Bxd2 28. Rxd2 Rxe1+ 29. Kf2 Re7 30. cxd5 Qb6+ 31. Kf1 Qc7 32. Bc4 Qd6 33.
Bd3 Rc7 34. Qb1 Rc5 35. h4 Qc7 36. Bc4 Nf7 37. Qf5 Qe5 38. Qxe5 fxe5 39. d6 Rc8
40. d7 Rd8 41. Be6 Kf8 42. Rc2 Ke7 43. Bh3 Bg6 44. Rc7 Nd6 45. Kf2 Bf5 46. Bxf5
Nxf5 47. Rxb7 Rxd7 48. Rb5 Ke6 49. h5 Rd2+ 50. Kg1 Rxa2 51. Rb7 Ng3 52. Kh2 Ra1
53. Kh3 Rh1+ 54. Kg4 Nxh5 55. Rxh7 Nf6+ 0-1

[Event "Deutsche Ländermeisterschaft 2017"]
[Site "Hannover GER"]
[Date "2017.10.03"]
[Round "5"]
[White "Liu, Sijia Anna"]
[Black "Gehrke, Gina Celina"]
[Result "1-0"]
[Termination "normal"]
[Board "7.8"]
[WhiteElo "1577"]
[BlackElo "1415"]
[WhiteTeam "Württemberg"]
[BlackTeam "Brandenburg"]
[PlyCount "93"]
[WhiteFideId "12989746"]
[BlackFideId "16205979"]
[EventCountry "GER"]
[EventRounds "7"]
[EventType "team-swiss"]
[EventDate "2017.09.29"]

1. e4 c5 2. Nf3 g6 3. d4 cxd4 4. Qxd4 Nf6 5. e5 Nc6 6. Qa4 Nd5 7. Qe4 Nb6 8.
Nc3 d5 9. exd6 Bf5 10. Qe2 Qxd6 11. Nb5 Qd7 12. Bf4 O-O-O 13. Ne5 Qe6 14. g4
Bxg4 15. Nxg4 Qxe2+ 16. Bxe2 a6 17. Nc3 Bg7 18. Bd2 Nd5 19. O-O-O f5 20. Nxd5
Rxd5 21. Ne3 Rd7 22. Nc4 Kc7 23. Bf4+ e5 24. Rxd7+ Kxd7 25. Rd1+ Ke7 26. Bg5+
Bf6 27. Bxf6+ Kxf6 28. h4 Nd4 29. Rd2 b5 30. Ne3 h6 31. c3 Nxe2+ 32. Rxe2 Rd8
33. Rd2 Rxd2 34. Kxd2 Ke6 35. Kd3 g5 36. hxg5 hxg5 37. f3 f4 38. Nd1 Kd6 39.
Nf2 Ke6 40. c4 bxc4+ 41. Kxc4 Kf5 42. b4 e4 43. fxe4+ Ke5 44. a4 g4 45. Nxg4+
Kxe4 46. b5 axb5+ 47. axb5 1-0

[Event "Deutsche Ländermeisterschaft 2017"]
[Site "Hannover GER"]
[Date "2017.10.03"]
[Round "5"]
[White "Rahnfeld, Jens"]
[Black "Wachinger, Nikolas"]
[Result "1/2-1/2"]
[Termination "normal"]
[Board "8.1"]
[WhiteTitle "FM"]
[WhiteElo "2310"]
[BlackElo "2048"]
[WhiteTeam "Baden 2"]
[BlackTeam "Bremen"]
[PlyCount "160"]
[WhiteFideId "12939617"]
[BlackFideId "12962791"]
[EventCountry "GER"]
[EventRounds "7"]
[EventType "team-swiss"]
[EventDate "2017.09.29"]

1. e4 c5 2. Nf3 d6 3. Bb5+ Nd7 4. O-O a6 5. Bd3 Ngf6 6. Re1 e6 7. c3 b5 8. Bc2
Bb7 9. d4 Be7 10. Nbd2 Qc7 11. Nf1 O-O 12. Ng3 Rfe8 13. Bd2 Rac8 14. Bd3 Bf8
15. Qe2 e5 16. d5 c4 17. Bc2 g6 18. h3 a5 19. a4 Ba6 20. axb5 Bxb5 21. Ba4 Qb7
22. Be3 Nc5 23. Bxc5 Rxc5 24. Ra2 Bxa4 25. Rxa4 Rb8 26. Ra2 Bh6 27. Rea1 Rb5
28. Rb1 Rb3 29. Nd2 Bxd2 30. Qxd2 Qb5 31. f3 Ne8 32. Kh2 a4 33. Rba1 Ra8 34.
Nf1 a3 35. bxa3 Qa5 36. Rc1 Rxa3 37. Rxa3 Qxa3 38. Rb1 Qc5 39. Ne3 Nf6 40. Rb4
Nh5 41. Rxc4 Qa7 42. Rb4 Qe7 43. Qb2 Qh4 44. Nf1 Kg7 45. g3 Qf6 46. Kg2 Qg5 47.
h4 Qd8 48. Ne3 Ra6 49. Qd2 Ra1 50. Rb2 Nf6 51. Ra2 Rb1 52. Rb2 Ra1 53. c4 Qc7
54. Ra2 Rxa2 55. Qxa2 Qb6 56. Qd2 Nd7 57. h5 Nc5 58. Ng4 Qd8 59. Kh3 Qe7 60.
Qh6+ Kg8 61. hxg6 hxg6 62. Qh4 Qd7 63. Qf6 Kf8 64. Kh4 Qe7 65. Kh3 Qxf6 66.
Nxf6 Ke7 67. Ng4 f5 68. exf5 gxf5 69. Ne3 Kf6 70. g4 fxg4+ 71. fxg4 Kg5 72. Nf5
Ne4 73. Ne7 Nf6 74. Kg3 Ne4+ 75. Kh3 Nf6 76. Nf5 Ne4 77. Ng7 Nf2+ 78. Kg3 Ne4+
79. Kh3 Nf2+ 80. Kg3 Ne4+ 1/2-1/2

[Event "Deutsche Ländermeisterschaft 2017"]
[Site "Hannover GER"]
[Date "2017.10.03"]
[Round "5"]
[White "Colbow, Collin"]
[Black "Boes, Julian"]
[Result "0-1"]
[Termination "normal"]
[Board "8.2"]
[WhiteElo "2034"]
[BlackElo "2067"]
[WhiteTeam "Bremen"]
[BlackTeam "Baden 2"]
[PlyCount "34"]
[WhiteFideId "16201132"]
[BlackFideId "12907723"]
[EventCountry "GER"]
[EventRounds "7"]
[EventType "team-swiss"]
[EventDate "2017.09.29"]

1. e4 e6 2. d4 d5 3. Nd2 Be7 4. Bd3 c5 5. dxc5 Nf6 6. Qe2 O-O 7. Ngf3 a5 8. O-O
Na6 9. e5 Nd7 10. c4 Ndxc5 11. Bb1 b6 12. cxd5 Qxd5 13. Rd1 Rd8 14. Bc2 Nb4 15.
Ne4 Ba6 16. Rxd5 Bxe2 17. Rxc5 Nxc2 0-1

[Event "Deutsche Ländermeisterschaft 2017"]
[Site "Hannover GER"]
[Date "2017.10.03"]
[Round "5"]
[White "Hund, Sarah"]
[Black "Silber, Kevin"]
[Result "0-1"]
[Termination "normal"]
[Board "8.3"]
[WhiteElo "2005"]
[BlackElo "1992"]
[WhiteTeam "Baden 2"]
[BlackTeam "Bremen"]
[PlyCount "76"]
[WhiteFideId "12923338"]
[BlackFideId "12930440"]
[EventCountry "GER"]
[EventRounds "7"]
[EventType "team-swiss"]
[EventDate "2017.09.29"]

1. e4 e5 2. Nf3 Nc6 3. Bc4 Bc5 4. c3 Nf6 5. d3 a6 6. Bb3 Ba7 7. Nbd2 d6 8. h3
h6 9. Nf1 O-O 10. Ng3 Ne7 11. Nh4 c6 12. O-O d5 13. Qf3 Nh7 14. Be3 Ng5 15. Qh5
Bxe3 16. fxe3 dxe4 17. dxe4 Qd2 18. Rae1 Qxb2 19. Ngf5 Bxf5 20. exf5 Kh7 21. f6
g6 22. Qg4 Nd5 23. e4 Nf4 24. Nf3 Nxf3+ 25. Qxf3 Rad8 26. Rd1 Qe2 27. Kh2 Qxf3
28. gxf3 Nh5 29. Rxd8 Rxd8 30. Bxf7 Rd2+ 31. Kg1 Nxf6 32. Rb1 b5 33. c4 Kg7 34.
Be6 Nh5 35. h4 Nf4 36. Bc8 bxc4 37. Bxa6 c3 38. Rc1 c2 0-1

[Event "Deutsche Ländermeisterschaft 2017"]
[Site "Hannover GER"]
[Date "2017.10.03"]
[Round "5"]
[White "Wachinger, David"]
[Black "Wiesner, Alexander"]
[Result "1-0"]
[Termination "normal"]
[Board "8.4"]
[WhiteElo "1945"]
[BlackElo "1935"]
[WhiteTeam "Bremen"]
[BlackTeam "Baden 2"]
[PlyCount "169"]
[WhiteFideId "24692689"]
[BlackFideId "12943991"]
[EventCountry "GER"]
[EventRounds "7"]
[EventType "team-swiss"]
[EventDate "2017.09.29"]

1. d4 e6 2. c4 Bb4+ 3. Bd2 c5 4. Bxb4 cxb4 5. g3 Nc6 6. Bg2 Nf6 7. Nf3 O-O 8.
O-O d6 9. a3 bxa3 10. Rxa3 e5 11. d5 Nb4 12. Nfd2 Nd7 13. e4 Nc5 14. Nc3 a5 15.
Nb3 Ncd3 16. Nc1 Nxc1 17. Qxc1 Bd7 18. Qd2 Qc7 19. b3 Qb6 20. Rfa1 f5 21. exf5
Bxf5 22. Ne4 Bxe4 23. Bxe4 Rf6 24. Kg2 Qc5 25. Ra4 Raf8 26. f3 b6 27. Rf1 Na6
28. Raa1 Qc8 29. Rae1 Rh6 30. h4 Rhf6 31. Qc2 Rh6 32. Qd2 Qd8 33. Rh1 Rhf6 34.
Ref1 Qc8 35. Qc2 h6 36. h5 Nc5 37. Bg6 Qc7 38. Rh4 Qe7 39. Rg4 Qd7 40. Rh4 b5
41. Qa2 a4 42. bxa4 bxa4 43. Bb1 Qf7 44. Bg6 Qb7 45. Bc2 Qa7 46. Rg4 Rb8 47.
Rb1 Rff8 48. Kh3 a3 49. Rb5 Rxf3 50. Bb1 Rxb5 51. cxb5 Nd3 52. Bxd3 Rxd3 53.
Qc2 Rf3 54. Ra4 Qb7 55. Qc6 Qf7 56. Ra8+ Kh7 57. Qc2+ Qf5+ 58. Qxf5+ Rxf5 59.
Rxa3 Rxh5+ 60. Kg2 Rf5 61. b6 Rf7 62. Ra7 Rf8 63. Rd7 e4 64. Rxd6 Rb8 65. Kf2
Kg8 66. Ke3 Kf7 67. Kxe4 Ke7 68. Re6+ Kf7 69. Kd4 h5 70. Kc5 g5 71. Rh6 h4 72.
gxh4 g4 73. Re6 g3 74. Re2 Rg8 75. Rg2 Ke7 76. h5 Kd7 77. h6 Kc8 78. Kc6 Rg6+
79. d6 Rg4 80. Re2 Rc4+ 81. Kd5 Rh4 82. Rc2+ Kd7 83. b7 Rh5+ 84. Kc4 Rh4+ 85.
Kb3 1-0

[Event "Deutsche Ländermeisterschaft 2017"]
[Site "Hannover GER"]
[Date "2017.10.03"]
[Round "5"]
[White "Wu, Luka"]
[Black "Petri, Ben-Luca"]
[Result "1-0"]
[Termination "normal"]
[Board "8.5"]
[WhiteElo "1902"]
[BlackElo "1744"]
[WhiteTeam "Baden 2"]
[BlackTeam "Bremen"]
[PlyCount "58"]
[WhiteFideId "12977420"]
[BlackFideId "12947261"]
[EventCountry "GER"]
[EventRounds "7"]
[EventType "team-swiss"]
[EventDate "2017.09.29"]

1. e4 e5 2. Nf3 Nf6 3. Nxe5 d6 4. Nf3 Nxe4 5. d4 d5 6. Bd3 Be7 7. O-O O-O 8. c4
Nf6 9. c5 c6 10. Qc2 b6 11. Nbd2 bxc5 12. dxc5 Na6 13. Nb3 Nb4 14. Qc3 Nxd3 15.
Qxd3 Ne4 16. Be3 a5 17. Qc2 Qc7 18. Nbd2 Bf5 19. Nd4 Nxd2 20. Qxd2 Bd7 21. Nf3
Qb7 22. Bd4 Be6 23. Rfe1 Qb4 24. Qc2 Rfe8 25. Re3 a4 26. a3 Qb5 27. Rae1 Qb7
28. Nd2 Bf8 29. f4 Bf5 1-0

[Event "Deutsche Ländermeisterschaft 2017"]
[Site "Hannover GER"]
[Date "2017.10.03"]
[Round "5"]
[White "Silber, Stefanie"]
[Black "Lohrmann, Tabea"]
[Result "1/2-1/2"]
[Termination "normal"]
[Board "8.6"]
[WhiteElo "1586"]
[BlackElo "1708"]
[WhiteTeam "Bremen"]
[BlackTeam "Baden 2"]
[PlyCount "98"]
[WhiteFideId "12918245"]
[BlackFideId "12911941"]
[EventCountry "GER"]
[EventRounds "7"]
[EventType "team-swiss"]
[EventDate "2017.09.29"]

1. e4 e5 2. Nf3 Nc6 3. Bb5 a6 4. Bxc6 dxc6 5. O-O Bg4 6. h3 h5 7. d3 Qf6 8.
Nbd2 Ne7 9. Re1 Ng6 10. d4 Nf4 11. dxe5 Qg6 12. Nh4 Bxd1 13. Nxg6 Nxg6 14. Rxd1
O-O-O 15. Re1 Nxe5 16. f4 Bc5+ 17. Kf1 Ng6 18. Nf3 Rhe8 19. f5 Ne5 20. Nxe5
Rxe5 21. Bf4 Ree8 22. e5 Rd4 23. Bg5 Rd5 24. Rad1 Bd4 25. c4 Rdxe5 26. Rxe5
Bxe5 27. Re1 f6 28. Bf4 Kd7 29. Rd1+ Ke7 30. Bxe5 fxe5 31. Ke2 Rf8 32. g4 hxg4
33. hxg4 Rh8 34. Kf3 Rh2 35. Re1 Kf6 36. Re2 Rxe2 37. Kxe2 e4 38. b4 Ke5 39.
Ke3 b6 40. c5 a5 41. bxa5 bxa5 42. a4 Kd5 43. g5 Ke5 44. f6 gxf6 45. g6 Ke6 46.
Kxe4 f5+ 47. Kf4 Kf6 48. g7 Kxg7 49. Kxf5 Kf7 1/2-1/2